| 000 | 00899nam a2200253Ia 4500 | ||
|---|---|---|---|
| 003 | OSt | ||
| 005 | 20221005113528.0 | ||
| 006 | a|||||r|||| 00| 0 | ||
| 007 | ta | ||
| 008 | 221004b |||||||| |||| 00| 0 pan d | ||
| 020 |
_a9789351122999 (pbk) _cINR 125.00 |
||
| 024 | _a65443 | ||
| 037 |
_b1191, 06/02/2020, H.K. Prakashan _cTextual |
||
| 040 |
_aCRL _cCRL _bpan |
||
| 041 |
_2pan _apan |
||
| 082 | _aO142,3M91,KA, 153Q9 | ||
| 100 | _aਬਲਗਾਕੋਵ, ਮਿਖਾਈਲ, ਂਚ. | ||
| 245 | 0 | _aਕੁੱਤਾ ਆਦਮੀ | |
| 260 |
_aਲੁਧਿਆਨਾ _bਚੇਤਨਾ ਪ੍ਰਕਾFਨ ਭਾਰਤ _c2019 |
||
| 300 |
_a94ਪ੍ਰ0 _ccm. |
||
| 650 | _aਰFਿਅਨ ਕਹਾਣੀ | ||
| 942 |
_hO142,3M91,KA, 153Q9 _cTEXL _2cc |
||
| 999 |
_c1028481 _d1028481 |
||